| 000 | 00619nam a2200193Ia 4500 | ||
|---|---|---|---|
| 003 | OSt | ||
| 005 | 20240419155102.0 | ||
| 008 | 210210b1999 xxu||||| |||| 00| 0 eng d | ||
| 040 | _cAL | ||
| 041 | _aSanskrit | ||
| 082 | _aS891.6 HEGA | ||
| 100 |
_aHEGADE (Gurupad K). _dगुरुपाद हेगडे _9161582 |
||
| 245 |
_aAdhyatmastotramantrabhavagitah. _bअध्यात्म स्तोत्र मन्त्र भवगितः |
||
| 260 |
_aShimoga _bMalnad Research Academy (R.) _c1999 |
||
| 300 | _avi,73 | ||
| 690 |
_aSanskrit Prakirana _9161583 |
||
| 906 | _a055840 | ||
| 942 |
_2ddc _cBK |
||
| 999 |
_c103352 _d103352 |
||